000 01056nac a22003017a 4500
001 BR8404365
003 BR-BrBNA
005 20240105120145.0
008 230509b bl.|||m| |||| 00| 0 por d
040 _aBR-BrBNA
_bpor
_cBiblioteca Nacional de Agricultura
072 _aF01; F08
090 _a2480 BR8404365
100 1 _aLisboa, S. de M.
100 1 _aMedrado, M.J.S.
110 1 _aUnidade de Execucao de Pesquisa de Ambito Estadual de Porto Velho, RO (Brasil)
_910373
245 1 _aDeterminacao da viabilidade tecnica e economica do plantio direto da seringueira em area mecanizada
260 3 _aPorto Velho, RO (Brasil):
_c1984.
300 _a4 p.
490 _aPesquisa em Andamento - Unidade de Execucao de Pesquisa de Ambito Estadual de Porto Velho (Brazil)
_vno. 74
_xISSN 0101-7039
650 _aCONSORCIACAO DE CULTURA
650 _aPLANTIO DIRETO
650 _aCULTIVO INTERCALADO
650 _aARROZ
650 _aKUDZU
650 _aSERINGUEIRA
909 _a202312
_bLúcia Elande
_c55
_dLúcia Elande
942 _2AGRIS
_n0
_cMS
999 _c278150
_d278150